| 000 | 00561nam a22001937a 4500 | ||
|---|---|---|---|
| 003 | OSt | ||
| 005 | 20151130180149.0 | ||
| 008 | 151130b xxu||||| |||| 00| 0 eng d | ||
| 020 | _a9782462500 | ||
| 040 | _cDDC. | ||
| 082 | _a370MAJ 1995. | ||
| 100 |
_aMajasan J.A; _96427 |
||
| 245 |
_aThe Teachers Profession. _bA manual for Professional Excellence. |
||
| 260 |
_aLagos. _bSpectrum Books Limited. _c1995. |
||
| 300 |
_axii,267p; _bill; _c22cm. |
||
| 504 | _aBibliography and index are included. | ||
| 650 |
_aTeachers Proffession. _96428 |
||
| 942 |
_2ddc _cSLOAN |
||
| 999 |
_c2765 _d2765 |
||